| 000 | 00511nam a22001337a 4500 | ||
|---|---|---|---|
| 005 | 20240309122749.0 | ||
| 008 | 240309b ||||| |||| 00| 0 eng d | ||
| 040 | _cAL | ||
| 082 |
_223 _a674.834 _bPLYW |
||
| 100 |
_aMohammed Dilshad Rahim _9153624 |
||
| 245 | _aPlywood and the Environment a Consumer Attitude Survey on the Impact of Plywood Industry on the Environment with Special Reference to The Western India Plywood Limited Balipatam | ||
| 260 |
_aMangalore _bSt Aloysius College _c1995 |
||
| 942 |
_2ddc _cPRO |
||
| 999 |
_c230191 _d230191 |
||